| 000 | 004750000a22001330004500 | ||
|---|---|---|---|
| 090 |
_aAS _bSeriadas |
||
| 245 | 1 | 0 | _aMamíferos del Parque Nacional Natural La Paya, Amazonia colombiana |
| 041 | 0 | _aEspañol | |
| 700 | 1 |
_aJaimes Sánchez, Vilma _994058 |
|
| 700 | 1 |
_aPiragua, William _999174 |
|
| 100 | 1 |
_aPolanco Ochoa, Rocío _920628 |
|
| 942 | _cARTICULO | ||
| 773 | 1 |
_tRevista de la Academia Colombiana de Ciencias Exactas, Fisicas y Naturales _332 _hSupl. Esp. _q671-682 _d1999 _g23 |
|
| 999 |
_c14269 _d14269 |
||